000 00710nam a2200229 a 4500
001 BRL_725
005 20190320210852.0
008 300913s1961----nyu#######---#000-0#eng-#
041 _aeng
044 _anyu
050 4 _aRC81
_b.M43 1961
245 1 0 _aThe medicine show
_bsome plains truths about popular remedies for commons ailments
_cby the editors of Consumer reports
260 _aNew York
_bSimon and Schuster
_c1961
300 _a250 p.
_c20 cm.
500 _aAu837
500 _aEstado físico: Desprendimiento de hojas y pasta, faltan una parte del lomo.
650 1 4 _aMedicina popular
_922256
650 1 4 _aCuranderos
_924760
650 1 4 _aCosméticos
_924761
902 _aGRL
942 _2lcc
_cB
999 _c9537
_d9537